مكتبة جامعة عجلون الوطنية

فهرس بحث المكتبة

Normal view MARC view
  • ادارة المعرفة- نظم المعلومات

Entry Topical Term

Number of records used in: 1

001 - CONTROL NUMBER

  • control field: 63377

003 - CONTROL NUMBER IDENTIFIER

  • control field: JO-AjAnu

005 - DATE AND TIME OF LATEST TRANSACTION

  • control field: 20230606084338.0

008 - FIXED-LENGTH DATA ELEMENTS

  • fixed length control field: 230606|| aca||aabn | a|a d

040 ## - CATALOGING SOURCE

  • Original cataloging agency: JO-AjAnu
  • Transcribing agency: JO-AjAnu

150 ## - HEADING--TOPICAL TERM

  • Topical term or geographic name entry element: ادارة المعرفة- نظم المعلومات

670 ## - SOURCE DATA FOUND

  • Source citation: Work cat.: (JO-AjAnu)32311: اعداد الصمادي، حمزه عاطف عبد الرحمن؛ إشراف علي عبدالله الزعبي, author 63376, أثر إدارة المعرفة على جودة التقارير المالية، وظائف نظام المعلومات المحاسبية كمتغير وسيط =The impact of Knowledge Management on The Quality of Financial Reports,and the Functions of the Accounting Information System as an Modified Variable